000 00789cab a2200253 4500
001 ABS59654
008 090401t1998 xxu||||| |||| 00| 0 eng d
035 _a(Sirsi) u89608
041 _aeng
100 _aLee-Wright, M.
245 _aClarifying the rules of the planning game
260 _c1998
350 _a0
490 _aProperty Week
_v63(28) 6 November 1998, 34(1)
520 _aDiscusses the government`s proposals for revising the rules of Environmental Assessment, and the implications for planning authorities.
650 _aDEVELOPERS
650 _aENVIRONMENTAL ASSESSMENT
650 _aPLANNING AUTHORITIES
650 _aSCOPING
650 _aURBAN DEVELOPMENT PROJECTS
690 _aENVIRONMENTAL AND LAND CONSULTANCY
942 _n0
948 _c11/11/1998
999 _c56717
_d56717